000 00230nam a22000857a 4500
008 160920b xxu||||| |||| 00| 0 eng d
100 _9668
_aTayal.B.B.etal
245 _aSee- Social Science-IX
260 _aNew Delhi
_bAP Publications
_c2010
999 _c3325
_d3325